A DECISION SUPPORT TOOL: gEOREFERENCED DYNAMIC MODELS TIME-CONTROLLED BY A VISUAL BASIC PROGRAM /

Detalles Bibliográficos
Autor principal: Eralio, Ernesto W.
Formato: Libro
Publicado: OHIO : UNIVERSITY, 1999.
Materias:
Etiquetas: Agregar Etiqueta
Sin Etiquetas, Sea el primero en etiquetar este registro!

MARC

LEADER 00000nam a22000004a 4500
001 AR-BbUGT3807
003 AR-BbUGT
005 20181220001812.0
007 ta
008 061101t1999 |||a |0|||0| d
040 |a AR-BbUGT  |b spa  |c AR-BbUGT 
082 0 4 |a 001.6425 
100 1 |a Eralio, Ernesto W. 
245 1 2 |a A DECISION SUPPORT TOOL:   |b gEOREFERENCED DYNAMIC MODELS TIME-CONTROLLED BY A VISUAL BASIC PROGRAM /   |c ERNESTO W. ERALIO. 
260 |a OHIO :   |b UNIVERSITY,   |c 1999. 
300 |a 68 P. :   |b il., FIG. 
504 |a BIBLIOGRAFÍA: P. 68. 
653 |a Visual Basic 
653 |a Georeferenciamiento 
942 |c BK  |h 001.6425  |i ER12  |m LED  |2 ddc  |6 001_642500000000000_ER12 
999 |c 11136  |d 11136